000 00527cam a2200157 4500500
005 20251012031723.0
041 _afre
042 _adc
100 1 0 _aBruley, Pauline
_eauthor
700 1 0 _a de Vitry, Alexandre
_eauthor
245 0 0 _aAperçu bibliographique
260 _c2025.
500 _a63
786 0 _nBulletin de l’Amitié Charles Péguy | 183-184 | 3 | 2025-02-21 | p. 457-466 | 0180-8567
856 4 1 _uhttps://shs.cairn.info/bulletin-de-l-amitie-charles-peguy-2024-3-page-457?lang=fr&redirect-ssocas=7080
999 _c1546325
_d1546325